00289 a2200109 450000100060000008200110000610000280001724500510004526000340009630000260013050000230015688084 aPR 323 aM Zeeshan Iqbal, 005913 aWorkstudy of Alouette engine overhaul facility aRisalpurbNUST Risalpurc2005 av, 106p.eRakhman Gul aBE Project Reports